| 000 | 00997naa a2200277 c 4500 | ||
|---|---|---|---|
| 001 | 34808 | ||
| 003 | ES-MaCES | ||
| 005 | 20150929135547.0 | ||
| 008 | 050519n2004 sp t 000 | spa d | ||
| 035 | _aCES20050002855v | ||
| 040 |
_aES-MaCES _bspa _cES-MaCES |
||
| 100 | 1 |
_aMendoza Oliván, Víctor _918407 |
|
| 245 | 1 | 3 |
_aEl papel de las asociaciones empresariales de pensamiento en un Estado social y democrático de Derecho _cVíctor Mendoza Oliván |
| 650 | 4 |
_aEspaña _926964 |
|
| 650 | 4 |
_alibertad sindical _927177 |
|
| 650 | 4 |
_aconstitución _927193 |
|
| 650 | 4 |
_alibertad de pensamiento _929882 |
|
| 650 | 4 |
_aeconomía de mercado _929377 |
|
| 650 | 4 |
_aorganizaciones empresariales _931559 |
|
| 653 | 1 | 0 | _aEmpresa |
| 650 | 4 |
_926752 _aUE |
|
| 773 | 0 |
_tRevista del Instituto de Estudios Económicos _gn. 1 (2004){10219 R. 059069}; p. 1-7 _w(ES-MaCES)25234 _944474 |
|
| 902 | _aART Artículo de revista | ||
| 942 |
_2CES _cAR _h0.0. |
||
| 999 |
_c34808 _d34808 |
||